مكتبة جامعة عجلون الوطنية

فهرس بحث المكتبة

كفايات تدريس المواد الاجتماعية بين النظرية والتطبيق في التخطيط والتقويم(مع الامثلة الوافية) (Record no. 6078)

MARC details
000 -LEADER
fixed length control field 00876nam a2200229Ii 4500
003 - CONTROL NUMBER IDENTIFIER
control field JO-AjNU
005 - DATE AND TIME OF LATEST TRANSACTION
control field 20240629130932.0
008 - FIXED-LENGTH DATA ELEMENTS--GENERAL INFORMATION
fixed length control field 230605s9999||||xx |||||||||||||| ||und||
040 ## - CATALOGING SOURCE
Original cataloging agency JO-AjNU
Language of cataloging ara
Description conventions rda
Transcribing agency JO-AjNU
041 ## - LANGUAGE CODE
Language code of text/sound track or separate title ara
050 14 - LIBRARY OF CONGRESS CALL NUMBER
Classification number H62.F3782.2004
100 3# - MAIN ENTRY--PERSONAL NAME
Personal name الفتلاوي،سهيلة محسن كاظم,
Relator term author
9 (RLIN) 11800
245 00 - TITLE STATEMENT
Title كفايات تدريس المواد الاجتماعية بين النظرية والتطبيق في التخطيط والتقويم(مع الامثلة الوافية)
250 ## - EDITION STATEMENT
Edition statement ط1العربية
264 31 - PRODUCTION, PUBLICATION, DISTRIBUTION, MANUFACTURE, AND COPYRIGHT NOTICE
Place of production, publication, distribution, manufacture عمان:دار الشروق للنشر والتوزيع،2004
300 ## - PHYSICAL DESCRIPTION
Extent 287ص
336 ## - CONTENT TYPE
Content type term text
Content type code txt
Source rdacontent
337 ## - MEDIA TYPE
Media type term unmediated
Media type code n
Source rdamedia
338 ## - CARRIER TYPE
Carrier type term volume
Carrier type code nc
Source rdacarrier
650 #4 - SUBJECT ADDED ENTRY--TOPICAL TERM
Topical term or geographic name entry element العلوم الاجتماعية - دراسة وتعليم 
9 (RLIN) 11801
942 ## - ADDED ENTRY ELEMENTS (KOHA)
Source of classification or shelving scheme Library of Congress Classification
Koha item type Books
Holdings
Withdrawn status Lost status Source of classification or shelving scheme Damaged status Not for loan Home library Current library Shelving location Date acquired Total Checkouts Full call number Barcode Date last seen Price effective from Koha item type
    Library of Congress Classification     مكتبة جامعة عجلون الوطنية مكتبة جامعة عجلون الوطنية المجموعات العامة 06/06/2023   H62.F3782.2004 A2510 06/06/2023 06/06/2023 Books